Qui suis-je - Naruto - Statistiques

Statistiques générales
  • Ce quiz a été pris 7 111 fois
  • Le résultat moyen est 5 sur 5
Statistiques - réponses
Village de provenance Description des personnages Personnages % Correct
Konoha Je suis un ninja provenant de Konoha le village caché des feuilles.Je suis le jinchûriki de Kurama depuis ma naissance. Après avoir été diplômé de l’académie, je me suis retrouvé dans l’équipe 7 sous la direction de Kakashi Hatake. J’ai réalisé mon rêve qui était de devenir Hokage (je suis le septième). Je suis un héros mondial. Je suis... Naruto Uzumaki
99%
Konoha Je suis un ninja provenant de Konoha le village caché des feuilles.Je suis le dernier descendant vivant de mon clan. Après avoir été diplômé de l’académie, je me suis retrouvé dans l’équipe 7 sous la direction de Kakashi Hatake. J’ai déserté le village de Konoha afin d’assassiner mon frère. Après avoir tué mon frère, j’ai rejoint l’Akatsuki, brièvement, et j’ai souhaité anéantir Konoha. Je suis... Sasuke Uchiwa
99%
Konoha Je suis un ninja provenant de Konoha le village caché des feuilles.Je suis devenu genin à 5 ans. Mon père s’est suicidé alors que j’étais assez jeune. J’ai été dans l’équipe de Minato Namikaze le quatrième Hokage. Durant la troisième guerre ninja, mes deux coéquipiers sont décédés. J’ai également fait parti de l’ANBU. Mon meilleur ami, et rival est Gaï Maito. On me surnomme le « ninja copieur ». Je suis... Kakashi Hatake
98%
Konoha Je suis un ninja provenant de Konoha le village caché des feuilles.Après avoir été diplômé de l’académie, je me suis retrouvé dans l’équipe 7 sous la direction de Kakashi Hatake. Je suis une ninja médecin. Je me suis mariée avec Sasuke Uchiwa. Je suis... Sakura Haruno
98%
Konoha Je suis un ninja provenant de Konoha le village caché des feuilles.Je suis amoureuse de Sasuke Uchiwa, et ma rivale directe est Sakura Haruno. Cependant, je fini par me marier avec Saï. La technique que j’utilise le plus souvent est la Transposition. Je suis également une no j’ai médecin. Ma famille tient un magasin de fleur. Je suis... Ino Yamanaka
97%
Konoha Je suis un ninja provenant de Konoha le village caché des feuilles.Je suis paresseux par nature, mais je possède une intelligence hors du commun. J’aime jouer au shōgi, et regarder les nuages. Je suis le premier, de la promotion de l’année de Naruto, à avoir été promu chûnin. La technique que j’utilise le plus souvent est la Manipulation des Ombres. Je suis... Shikamaru Nara
97%
Konoha Je suis un ninja provenant de Konoha le village caché des feuilles.Mon meilleur ami est un chien nommé Akamaru. Je suis impulsif et une tête brûlée. Je fais parti de l’équipe 8 au côté d’Hinata Hyuga et de Shino Aburame. Je me bat constamment en association avec Akamaru. Je suis très rapide et mes sens sont sur-développés. L’une de mes technique les plus redoutable est la Morsure du Loup. Je suis... Kiba Inuzuka
92%
Konoha Je suis un ninja provenant de Konoha le village caché des feuilles.Durant mon enfance, j’ai été mis à l’écart et méprisé par les autres enfants parce que j’étais un peu pataud. Mon premier ami est Shikamaru Nara. Lorsque Sasuke a déserté, j’ai été choisi pour aller le récupérer, et j’ai faillit perdre la vie en me battant contre Jirôbô. Je suis... Choji Akimichi
91%
Konoha Je suis un ninja provenant de Konoha le village caché des feuilles.Je suis calme, réfléchi et taciturne. Je manie les insectes. Je fais parti de l’équipe 8 avec Hinata Hyuga et Kiba Inuzuka. Quelques années à près la guerre, je suis devenu professeur à l’Académie. Je suis... Shino Aburame
90%
Konoha Je suis un ninja provenant de Konoha le village caché des feuilles.Je suis un ancien membre des Douze Ninjas Gardiens. Je suis le chef de l’équipe 10. Mon père fut l’un des Hokage de Konoha. Ma compagne est Kurenaï Yuhi avec qui j’ai eu une fille. Je suis... Asuma Sarutobi
88%
Aucun quiz correspondant
Distribution des résultats
% des personnes avec chaque résultat
Percentile par nombre de réponses
Votre historique - résultats
Vous n’avez pas pris ce quiz